01826naa a22003857a 4500001001000000003000900010005001700019007000300036008003400039040005400073041000900127072002000136090001800156100001800174100002000192100002100212100001700233100001600250100001900266111021300285245011100498260004200609500023700651650001900888650001500907650001000922650002300932650002100955650001200976773023400988909003601222942001401258999001901272952014901291BR9403728BR-BrBNA20240918181220.0ta230509b bl.||||| |||| 00| 0 por d aBR-BrBNAbporcBiblioteca Nacional de Agricultura a(Pt) aH10b0230b4020 aH10 BR94037281 aCosta, J.M.B.1 aBarbosa, G.V.S.1 aFerreira, J.L.C.1 aLira, P.R.M.1 aDoria, A.E.1 aMendonca, A.F.1 a2. Congresso Nacional da Sociedade de Tecnicos Acucareiros do Brasil1. Simposio Latino-Americano sobre Modalidades de Financiamento a Producao de Energia RenovavelcRio de Janeiro, RJ (Brazil)d16-21 Aug 19811 aControle integrado de cigarrinha da folha Mahanarva posticata, Stal (Hom.: Cercopidae)no Estado de Alagoas3 aRio de Janeiro, RJ (Brasil): c1981.  aAnais do 2. Congresso Nacional de Tecnicos Acucareiros do Brasil e 1. Simposio Latino-Americano sobre Modalidades de Financiamento a Producao de Energia Renovavel Rio de Janeiro, RJ (Brasil): 1981. v. 2 p. 475-495 (BR9403728-AM)H10  aCana de Acucar aCigarrinha aFungo aControle Biologico aControle Quimico aAlagoas0 tAnais do 2. Congresso Nacional de Tecnicos Acucareiros do Brasil e 1. Simposio Latino-Americano sobre Modalidades de Financiamento a Producao de Energia RenovavelwH10 BR9403728gRio de Janeiro, RJ (Brasil), 1981. v. 2 p. 475-495 a202404bLuciac55dLucia Elande cAM2AGRIS c324154d324154 002AGRIS40708Acervo Gerala41918b41918cAgrobasel0o0230 BR9403416r2024-05-20t01yAM10d2024-04-11ePortaria Interministerial nÂș 164/94